| 000 | nam a22 7a 4500 | ||
|---|---|---|---|
| 999 |
_c7192 _d7192 |
||
| 003 | OSt | ||
| 005 | 20181205115826.0 | ||
| 008 | 181203b2015 fr ||||| |||| 00| 0 fre d | ||
| 020 | _a9782362200335 | ||
| 040 |
_aCDMR _bcat _cCDMR |
||
| 245 | 1 | 0 | _a100 photos by Jean-Marie Périer for press freedom |
| 260 |
_aParis : _bReporters sans Frontieres, _c2015 |
||
| 300 |
_a148 p. : _bfotografies ; _c26 cm |
||
| 490 |
_aReporters without borders ; _v49 |
||
| 650 | 0 | 4 |
_91582 _aLlibertat d'impremta _xFotografia |
| 700 | 1 |
_94626 _aPérier, Jean-Marie _d1940- |
|
| 710 | 2 |
_91923 _aReportiers Sans Frontières |
|
| 942 |
_2udc _cMON |
||